[Event "Muensterland Regionalliga 1819"]
[Site "Germany"]
[Date "2019.02.02"]
[Round "6.2"]
[White "Monsma, Menno"]
[Black "Liesmann, Karsten"]
[Result "1/2-1/2"]
[WhiteElo "2061"]
[BlackElo "1998"]
[PlyCount "43"]
[EventDate "2018.09.08"]
[EventType "team-tourn"]
[EventRounds "9"]
[EventCountry "GER"]
[SourceTitle "EXT 2020"]
[Source "ChessBase"]
[SourceDate "2019.10.17"]
[SourceVersion "1"]
[SourceVersionDate "2019.10.17"]
[SourceQuality "1"]
[WhiteTeam "Gronau"]
[BlackTeam "Bocholt"]
[WhiteTeamCountry "GER"]
[BlackTeamCountry "GER"]

1. c4 e6 2. Nc3 d5 3. d4 c5 4. cxd5 cxd4 5. Qa4+ Bd7 6. Qxd4 exd5 7. Qxd5 Nc6 8. Nf3 Nf6 9. Qb3 Bc5 10. a3 0-0 11. Qc2 Rc8 12. e3 Qe7 13. Be2 Ne5 14. 0-0 Rfe8 15. Rd1 Nfg4 16. h3 Nxf2 17. Kxf2 Nxf3 18. Bxf3 Bxe3+ 19. Bxe3 Qxe3+ 20. Kg3 Qe5+ 21. Kf2 Qe3+ 22. Kg3 1/2-1/2

[Event "Muensterland Regionalliga 1819"]
[Site "Germany"]
[Date "2018.09.29"]
[Round "2.2"]
[White "Monsma, Menno"]
[Black "Borrink, Joern"]
[Result "1/2-1/2"]
[WhiteElo "2061"]
[BlackElo "2119"]
[PlyCount "90"]
[EventDate "2018.09.08"]
[EventType "team-tourn"]
[EventRounds "9"]
[EventCountry "GER"]
[SourceTitle "EXT 2020"]
[Source "ChessBase"]
[SourceDate "2019.10.17"]
[SourceVersion "1"]
[SourceVersionDate "2019.10.17"]
[SourceQuality "1"]
[WhiteTeam "Gronau"]
[BlackTeam "Muenster III"]
[WhiteTeamCountry "GER"]
[BlackTeamCountry "GER"]

1. c4 e6 2. Nc3 d5 3. d4 Nf6 4. cxd5 exd5 5. Bg5 Be7 6. Qc2 c6 7. e3 h6 8. Bh4 Ne4 9. Bxe7 Qxe7 10. Nxe4 dxe4 11. Ne2 Nd7 12. Rc1 0-0 13. Ng3 Re8 14. Be2 Nf6 15. 0-0 Bg4 16. Qc5 Bxe2 17. Qxe7 Rxe7 18. Nxe2 Nd5 19. a3 Rd8 20. Rc5 f6 21. Rfc1 Kf7 22. Nc3 Nxc3 23. R1xc3 Ke6 24. Kf1 Rd5 25. Rxd5 Kxd5 26. Ke2 b6 27. Rc1 f5 28. h4 g6 29. Kd2 Re6 30. g3 Rd6 31. b4 g5 32. h5 Rf6 33. Ke2 f4 34. exf4 gxf4 35. g4 Rf8 36. f3 Re8 37. fxe4+ Rxe4+ 38. Kf3 Rxd4 39. Re1 c5 40. Re7 c4 41. Rd7+ Ke5 42. Rxd4 Kxd4 43. g5 Ke5 44. g6 Kf6 45. Kxf4 b5 1/2-1/2

[Event "NED-chT Cup"]
[Site "Apeldoorn"]
[Date "2018.05.10"]
[Round "1.2"]
[White "Monsma, Menno"]
[Black "Van Delft, Merijn"]
[Result "0-1"]
[WhiteElo "2037"]
[BlackElo "2396"]
[PlyCount "100"]
[EventDate "2018.05.10"]
[EventType "team-k.o."]
[EventRounds "2"]
[EventCountry "NED"]
[SourceTitle "CBM 184 Extra"]
[Source "ChessBase"]
[SourceDate "2018.06.28"]
[SourceVersion "1"]
[SourceVersionDate "2018.06.28"]
[SourceQuality "1"]
[WhiteTeam "Lonneker"]
[BlackTeam "Apeldoorn"]
[WhiteTeamCountry "NED"]
[BlackTeamCountry "NED"]

1. c4 c6 2. e4 d5 3. exd5 cxd5 4. d4 Nf6 5. Nc3 Nc6 6. Bg5 Ne4 7. cxd5 Nxc3 8. bxc3 Qxd5 9. Nf3 Bg4 10. Be3 e6 11. Be2 Bd6 12. h3 Bh5 13. 0-0 0-0 14. Rb1 Qxa2 15. Rxb7 Rab8 16. Rxb8 Rxb8 17. Bd3 Bg6 18. Bxg6 hxg6 19. Ng5 f6 20. Ne4 Be7 21. Nd2 a5 22. c4 Rd8 23. Qa1 Qxa1 24. Rxa1 Nxd4 25. Rxa5 Nf5 26. Nf1 Rd1 27. Ba7 Rc1 28. Ra4 Kf7 29. Be3 Nxe3 30. fxe3 Rc2 31. Ra1 f5 32. Rd1 Bc5 33. Kh2 Rxc4 34. Kg3 g5 35. Kf3 Kf6 36. Rd3 e5 37. Rd2 e4+ 38. Ke2 f4 39. Ra2 Rc3 40. exf4 gxf4 41. Nd2 Re3+ 42. Kf1 Bb4 43. Rb2 Bc3 44. Rc2 Kf5 45. Ra2 g5 46. Rc2 Rd3 47. Nb1 Rd1+ 48. Ke2 Re1+ 49. Kf2 e3+ 50. Kf3 Bb4 0-1

[Event "Muensterland Regionalliga 1718"]
[Site "Germany"]
[Date "2018.03.17"]
[Round "7.2"]
[White "Monsma, Menno"]
[Black "Ringwelski, Marius"]
[Result "1/2-1/2"]
[WhiteElo "2055"]
[BlackElo "1943"]
[PlyCount "66"]
[EventDate "2017.09.02"]
[EventType "team-tourn"]
[EventRounds "9"]
[EventCountry "GER"]
[SourceTitle "EXT 2019"]
[Source "ChessBase"]
[SourceDate "2018.10.10"]
[SourceVersion "1"]
[SourceVersionDate "2018.10.10"]
[SourceQuality "1"]
[WhiteTeam "Gronau"]
[BlackTeam "Nienberge"]
[WhiteTeamCountry "GER"]
[BlackTeamCountry "GER"]

1. d4 Nf6 2. c4 e6 3. Nc3 Bb4 4. f3 c5 5. d5 b5 6. dxe6 fxe6 7. e4 bxc4 8. Bxc4 Bb7 9. Nge2 0-0 10. 0-0 d5 11. Bd3 c4 12. Bb1 Qb6+ 13. Kh1 dxe4 14. Nxe4 Nxe4 15. Bxe4 Bxe4 16. fxe4 Nc6 17. Bf4 Rad8 18. Qc2 Qa6 19. a3 Bc5 20. Rac1 Nd4 21. Nxd4 Bxd4 22. Bg3 Rxf1+ 23. Rxf1 c3 24. Rd1 Rf8 25. h4 Rf1+ 26. Kh2 Rxd1 27. Qxd1 Qc4 28. bxc3 Qxc3 29. Qa4 Kf7 30. Qd7+ Kf6 31. Qd8+ Kf7 32. Qd7+ Kf6 33. Qd8+ Kf7 1/2-1/2

[Event "Muensterland Regionalliga 1718"]
[Site "Germany"]
[Date "2018.01.13"]
[Round "5.2"]
[White "Monsma, Menno"]
[Black "Jensen, Soeren"]
[Result "1-0"]
[WhiteElo "2055"]
[BlackElo "1874"]
[PlyCount "95"]
[EventDate "2017.09.02"]
[EventType "team-tourn"]
[EventRounds "9"]
[EventCountry "GER"]
[SourceTitle "EXT 2019"]
[Source "ChessBase"]
[SourceDate "2018.10.10"]
[SourceVersion "1"]
[SourceVersionDate "2018.10.10"]
[SourceQuality "1"]
[WhiteTeam "Gronau"]
[BlackTeam "Muenster SK III"]
[WhiteTeamCountry "GER"]
[BlackTeamCountry "GER"]

1. d4 Nf6 2. c4 e5 3. dxe5 Ng4 4. Bf4 Bb4+ 5. Nd2 Nc6 6. Ngf3 Qe7 7. e3 Ngxe5 8. Nxe5 Nxe5 9. Be2 0-0 10. 0-0 c6 11. a3 Ba5 12. Nf3 d6 13. Qc2 Bc7 14. Rac1 f5 15. c5 d5 16. Nxe5 Bxe5 17. Bxe5 Qxe5 18. Qc3 Qxc3 19. Rxc3 f4 20. Bf3 fxe3 21. fxe3 Bf5 22. Rb3 Rf7 23. Rb4 Re8 24. Rf4 Rxe3 25. Bxd5 cxd5 26. Rxf5 Rxf5 27. Rxf5 Rd3 28. Kf1 g6 29. Rf2 Rd1+ 30. Ke2 Rc1 31. b4 Rc3 32. Rf3 Rc2+ 33. Kf1 Rd2 34. h3 Rd4 35. Ke2 Rc4 36. Kd2 a5 37. Rd3 axb4 38. axb4 Rxb4 39. Rxd5 Kf8 40. Kc3 Rb1 41. Rd7 h5 42. Kc4 b5+ 43. Kd5 Rb2 44. Rb7 Rxg2 45. c6 Ke8 46. Rb8+ Ke7 47. c7 Rd2+ 48. Ke4 1-0

[Event "Dieren op"]
[Site "Dieren"]
[Date "2013.07.31"]
[Round "8"]
[White "Monsma, Menno"]
[Black "Van Mierlo, Guido"]
[Result "1-0"]
[WhiteElo "2100"]
[BlackElo "2077"]
[PlyCount "101"]
[EventDate "2013.07.23"]
[EventType "swiss"]
[EventRounds "9"]
[EventCountry "NED"]
[SourceTitle "EXT 2015"]
[Source "ChessBase"]
[SourceDate "2014.11.20"]
[SourceVersion "1"]
[SourceVersionDate "2014.11.20"]
[SourceQuality "1"]

1. c4 e5 2. Nc3 Nc6 3. g3 g6 4. Bg2 Bg7 5. d3 Nge7 6. Rb1 0-0 7. e3 d6 8. Nge2 Be6 9. Nd5 Qd7 10. 0-0 Nd8 11. Nxe7+ Qxe7 12. b4 c6 13. b5 Qd7 14. Ba3 Re8 15. Qa4 c5 16. Nc3 f5 17. Nd5 Bxd5 18. Bxd5+ Ne6 19. Qc2 Kh8 20. f4 Qe7 21. Qg2 Rab8 22. Bc1 Rf8 23. Bd2 Nd8 24. Rbe1 Nf7 25. Qh3 Nh6 26. Qg2 Ng4 27. e4 Qd7 28. exf5 exf4 29. Rxf4 Bd4+ 30. Kh1 gxf5 31. Be6 Qg7 32. Bxf5 Nh6 33. Be4 Ng4 34. Ref1 Be5 35. Rxf8+ Rxf8 36. Rxf8+ Qxf8 37. Qf3 Qxf3+ 38. Bxf3 Nf2+ 39. Kg2 Nxd3 40. Bxb7 Kg7 41. Ba5 Nb2 42. Bd5 Na4 43. Bc7 Nb6 44. Bb8 Nxd5 45. cxd5 c4 46. Bxa7 c3 47. Be3 c2 48. b6 Kg6 49. b7 Bd4 50. b8Q Bxe3 51. Qg8+ 1-0

[Event "Dieren op"]
[Site "Dieren"]
[Date "2013.07.30"]
[Round "7"]
[White "Den Hartog, Marijn"]
[Black "Monsma, Menno"]
[Result "1/2-1/2"]
[WhiteElo "1916"]
[BlackElo "2100"]
[PlyCount "93"]
[EventDate "2013.07.23"]
[EventType "swiss"]
[EventRounds "9"]
[EventCountry "NED"]
[SourceTitle "EXT 2015"]
[Source "ChessBase"]
[SourceDate "2014.11.20"]
[SourceVersion "1"]
[SourceVersionDate "2014.11.20"]
[SourceQuality "1"]

1. e4 Nf6 2. Nc3 e5 3. Nf3 d6 4. d4 Nbd7 5. Bc4 Be7 6. 0-0 0-0 7. h3 c6 8. Re1 b5 9. Bb3 a6 10. a4 Bb7 11. d5 cxd5 12. Bxd5 Nxd5 13. Nxd5 Bxd5 14. exd5 Nc5 15. a5 Qd7 16. b4 Nb7 17. Be3 Rac8 18. Nd2 f5 19. f4 Bf6 20. Nf3 Rc4 21. Rb1 exf4 22. Bd4 Nd8 23. Qd3 g6 24. c3 Bxd4+ 25. Nxd4 Nf7 26. Rf1 Rfc8 27. Rbc1 Ne5 28. Qd2 Qf7 29. Ne6 f3 30. Ng5 Qf6 31. Nxf3 Nxf3+ 32. Rxf3 Re4 33. Re1 Rce8 34. Rfe3 Qe5 35. Rxe4 fxe4 36. Qd4 Qxd4+ 37. cxd4 e3 38. Kf1 Re4 39. Rc1 Rxd4 40. Rc6 Rxd5 41. Rxa6 Rd4 42. Ke2 Rxb4 43. Rxd6 Ra4 44. a6 Ra3 45. Rb6 Kg7 46. Rxb5 Rxa6 47. Kxe3 1/2-1/2

[Event "Dieren op"]
[Site "Dieren"]
[Date "2013.07.27"]
[Round "5"]
[White "Monsma, Menno"]
[Black "Bus, Tom"]
[Result "0-1"]
[WhiteElo "2100"]
[BlackElo "2110"]
[PlyCount "80"]
[EventDate "2013.07.23"]
[EventType "swiss"]
[EventRounds "9"]
[EventCountry "NED"]
[SourceTitle "EXT 2015"]
[Source "ChessBase"]
[SourceDate "2014.11.20"]
[SourceVersion "1"]
[SourceVersionDate "2014.11.20"]
[SourceQuality "1"]

1. e4 c5 2. Nc3 Nc6 3. Nge2 d6 4. d4 cxd4 5. Nxd4 Nf6 6. Bc4 Na5 7. Be2 g6 8. f4 Bg7 9. Be3 0-0 10. 0-0 Bd7 11. Nb3 a6 12. Qe1 Nxb3 13. axb3 Rc8 14. Bf3 Qc7 15. Rd1 Bc6 16. Kh1 Rfe8 17. Ra1 e5 18. Qg3 exf4 19. Bxf4 Nxe4 20. Bxe4 Bxe4 21. Bxd6 Qc6 22. Nxe4 Rxe4 23. c3 f5 24. Rad1 Rce8 25. Bf4 Re2 26. Rd6 Qe4 27. h4 Rxb2 28. h5 Qe2 29. Rf3 Qe1+ 30. Kh2 Qxg3+ 31. Rxg3 Rf2 32. Rf3 Rxf3 33. gxf3 g5 34. Bg3 Re2+ 35. Kg1 Bxc3 36. Bf2 Rd2 37. Re6 Rb2 38. Re8+ Kf7 39. Rc8 Be5 40. Rc5 Rxf2 0-1

[Event "Dieren op"]
[Site "Dieren"]
[Date "2013.07.23"]
[Round "1"]
[White "Monsma, Menno"]
[Black "De Jong, Migchiel"]
[Result "0-1"]
[WhiteElo "2100"]
[BlackElo "2345"]
[PlyCount "58"]
[EventDate "2013.07.23"]
[EventType "swiss"]
[EventRounds "9"]
[EventCountry "NED"]
[SourceTitle "EXT 2015"]
[Source "ChessBase"]
[SourceDate "2014.11.20"]
[SourceVersion "1"]
[SourceVersionDate "2014.11.20"]
[SourceQuality "1"]

1. c4 g6 2. Nc3 Bg7 3. d4 Nf6 4. e4 d6 5. f3 0-0 6. Bg5 a6 7. Qd2 Nbd7 8. Nh3 c5 9. d5 Ne5 10. Nf2 b5 11. cxb5 axb5 12. Bxb5 Ba6 13. Bxa6 Rxa6 14. Qe2 Qa5 15. Bd2 Rb8 16. b3 Rxb3 17. 0-0 Rb2 18. f4 Nc4 19. Qxc4 Rxd2 20. Rfd1 Rxf2 21. Kxf2 Qxc3 22. Qxa6 Ng4+ 23. Kf1 Ne3+ 24. Kf2 Bd4 25. Qc8+ Kg7 26. Rxd4 Qxd4 27. Rg1 Nf5+ 28. Kf1 Qd1+ 29. Kf2 Qd2+ 0-1

[Event "Muensterland Verbandsliga 1213"]
[Site "Germany"]
[Date "2013.04.13"]
[Round "8.1"]
[White "Doennebrink, Elmar"]
[Black "Monsma, Menno"]
[Result "1/2-1/2"]
[WhiteElo "2059"]
[BlackElo "2040"]
[PlyCount "54"]
[EventDate "2012.09.22"]
[EventType "team-tourn"]
[EventRounds "9"]
[EventCountry "GER"]
[SourceTitle "EXT 2015"]
[Source "ChessBase"]
[SourceDate "2014.11.20"]
[SourceVersion "1"]
[SourceVersionDate "2014.11.20"]
[SourceQuality "1"]
[WhiteTeam "Suedlohn"]
[BlackTeam "Gronau"]
[WhiteTeamCountry "GER"]
[BlackTeamCountry "GER"]

1. e4 c5 2. Nf3 d6 3. d4 cxd4 4. Qxd4 Nc6 5. Bb5 Bd7 6. Bxc6 Bxc6 7. Nc3 Nf6 8. Bg5 e6 9. 0-0-0 Be7 10. Rhe1 h6 11. Bxf6 Bxf6 12. Qxd6 Qxd6 13. Rxd6 Bxc3 14. bxc3 Ke7 15. Rd4 Rhc8 16. Ne5 Be8 17. Nc4 b5 18. Nd6 Rxc3 19. Nxe8 Kxe8 20. Red1 Rac8 21. R1d2 R8c7 22. Rd8+ Ke7 23. Ra8 R3c4 24. f3 Kf6 25. Rb8 Ra4 26. Kb2 Rb4+ 27. Kc1 Ra4 1/2-1/2

[Event "Muensterland Verbandsklasse-A 1112"]
[Site "Germany"]
[Date "2012.01.14"]
[Round "5.1"]
[White "Lehmann, Holger"]
[Black "Monsma, Menno"]
[Result "1-0"]
[WhiteElo "2105"]
[BlackElo "2066"]
[PlyCount "95"]
[EventDate "2011.09.17"]
[EventType "team-tourn"]
[EventRounds "9"]
[EventCountry "GER"]
[SourceTitle "EXT 2013"]
[Source "ChessBase"]
[SourceDate "2012.11.22"]
[SourceVersion "1"]
[SourceVersionDate "2012.11.22"]
[SourceQuality "1"]
[WhiteTeam "Emsdetten Rochade"]
[BlackTeam "Gronau"]
[WhiteTeamCountry "GER"]
[BlackTeamCountry "GER"]

1. d4 Nf6 2. c4 e6 3. Nc3 Bb4 4. a3 Bxc3+ 5. bxc3 0-0 6. f3 d5 7. cxd5 exd5 8. e3 c5 9. Bd3 b6 10. Ne2 Ba6 11. Ng3 Bxd3 12. Qxd3 Qc8 13. 0-0 Qa6 14. Qxa6 Nxa6 15. e4 Nc7 16. a4 g6 17. Bb2 Nd7 18. c4 dxc4 19. Rac1 cxd4 20. Rxc4 Ne6 21. Bxd4 Rfc8 22. Rfc1 Rxc4 23. Rxc4 Nxd4 24. Rxd4 Nc5 25. Ne2 Ne6 26. Rc4 Rd8 27. Rc2 Rd1+ 28. Kf2 Ra1 29. Rc4 Ra2 30. Kf1 Nc5 31. Nc3 Ra1+ 32. Ke2 a5 33. h4 Rg1 34. g4 Rg2+ 35. Ke3 Rc2 36. Kd4 Kf8 37. g5 Ke7 38. Kd5 Kd7 39. f4 Ne6 40. Ke5 Rf2 41. Nd5 Rb2 42. f5 gxf5 43. exf5 Nc5 44. Nxb6+ Rxb6 45. Rxc5 f6+ 46. gxf6 Rb4 47. h5 Rb1 48. Rc8 1-0

[Event "Muensterland Verbandsklasse-A 1112"]
[Site "Germany"]
[Date "2011.09.17"]
[Round "1.1"]
[White "Monsma, Menno"]
[Black "Richter, Juergen"]
[Result "1/2-1/2"]
[WhiteElo "2066"]
[BlackElo "1984"]
[PlyCount "60"]
[EventDate "2011.09.17"]
[EventType "team-tourn"]
[EventRounds "9"]
[EventCountry "GER"]
[SourceTitle "EXT 2013"]
[Source "ChessBase"]
[SourceDate "2012.11.22"]
[SourceVersion "1"]
[SourceVersionDate "2012.11.22"]
[SourceQuality "1"]
[WhiteTeam "Gronau"]
[BlackTeam "Ibbenbueren"]
[WhiteTeamCountry "GER"]
[BlackTeamCountry "GER"]

1. e4 c5 2. Nf3 e6 3. d3 Nc6 4. g3 d6 5. Bg2 g6 6. 0-0 Bg7 7. c3 Nge7 8. Na3 0-0 9. Nc2 h6 10. d4 cxd4 11. cxd4 Qb6 12. Re1 Rd8 13. Rb1 a5 14. d5 exd5 15. exd5 Ne5 16. Be3 Qa6 17. Nfd4 b5 18. b3 Nf5 19. Nxf5 Bxf5 20. f4 Ng4 21. Rc1 Rac8 22. h3 Rxc2 23. hxg4 Rxc1 24. Bxc1 Bd7 25. Bf3 Qc8 26. Kg2 b4 27. Be3 Re8 28. Bf2 Bc3 29. Rxe8+ Qxe8 30. Qd3 Bb5 1/2-1/2

[Event "Dieren op"]
[Site "Dieren"]
[Date "2010.08.02"]
[Round "6"]
[White "Stjazhkina, Olga"]
[Black "Monsma, Menno"]
[Result "1-0"]
[WhiteElo "2273"]
[BlackElo "2073"]
[PlyCount "49"]
[EventDate "2010.07.27"]
[EventType "swiss"]
[EventRounds "9"]
[EventCountry "NED"]
[SourceTitle "CBM 137 Extra"]
[Source "ChessBase"]
[SourceDate "2010.09.01"]
[SourceVersion "1"]
[SourceVersionDate "2010.09.01"]
[SourceQuality "1"]

1. e4 e6 2. d4 d5 3. Nd2 dxe4 4. Nxe4 Nd7 5. Nf3 Be7 6. Bd3 Ngf6 7. Qe2 c5 8. c3 cxd4 9. Nxd4 a6 10. 0-0 Qc7 11. Re1 Nxe4 12. Bxe4 Nf6 13. Bc2 h6 14. Qf3 g5 15. b3 g4 16. Qg3 Qxg3 17. hxg3 Bd7 18. Bb2 h5 19. c4 Kf8 20. Rad1 Be8 21. Nf5 exf5 22. Rxe7 Kxe7 23. Ba3+ Ke6 24. Rd6+ Ke5 25. c5 1-0